Administrative county of London development plan statement (excluding appendices) as approved with modifications by the Minister of Housing and Local Government (Record no. 89750)
[ view plain ]
| 000 -LEADER | |
|---|---|
| fixed length control field | 00656cam a2200205 4500 |
| 001 - CONTROL NUMBER | |
| control field | B47 |
| 008 - FIXED-LENGTH DATA ELEMENTS--GENERAL INFORMATION | |
| fixed length control field | 090401t1955 xxu||||| |||| 00| 0 eng d |
| 035 ## - SYSTEM CONTROL NUMBER | |
| System control number | (Sirsi) u32598 |
| 041 ## - LANGUAGE CODE | |
| Language code of text/sound track or separate title | eng |
| 050 ## - LIBRARY OF CONGRESS CALL NUMBER | |
| Classification number | 711.409421 |
| 110 ## - MAIN ENTRY--CORPORATE NAME | |
| Corporate name or jurisdiction name as entry element | London County Council |
| 9 (RLIN) | 1711 |
| 245 ## - TITLE STATEMENT | |
| Title | Administrative county of London development plan statement (excluding appendices) as approved with modifications by the Minister of Housing and Local Government |
| 260 ## - PUBLICATION, DISTRIBUTION, ETC. | |
| Place of publication, distribution, etc. | London |
| Name of publisher, distributor, etc. | London County Council |
| Date of publication, distribution, etc. | 1955 |
| 300 ## - PHYSICAL DESCRIPTION | |
| Extent | iii,27p. ; 31cm. |
| 350 ## - PRICE (NR) (BK AM CF MU VM SE) [OBSOLETE] | |
| Price | 0.13 |
| 650 ## - SUBJECT ADDED ENTRY--TOPICAL TERM | |
| Topical term or geographic name entry element | MINISTRY OF HOUSING AND LOCAL GOVERNMENT |
| 650 ## - SUBJECT ADDED ENTRY--TOPICAL TERM | |
| Topical term or geographic name entry element | PLANNING |
| 942 ## - ADDED ENTRY ELEMENTS (KOHA) | |
| Suppress in OPAC | 0 |
| 948 ## - LOCAL PROCESSING INFORMATION (OCLC); SERIES PART DESIGNATOR (RLIN) | |
| c (OCLC) | 04/03/1997 |
No items available.